[Event "Let's Play Chess!"]
[Site "http://www.queenalice.com/game.php?id=578190"]
[Date "2009.4.26"]
[Round "-"]
[White "sasquatico"]
[Black "Mehe"]
[Result "0-1"]
[WhiteElo "1723"]
[BlackElo "2325"]

1. e4 c5 2. Nf3 d6 3. Bb5+ Bd7 4. Bxd7+ Qxd7 5. d4 cxd4 6. Nxd4 Nf6 7. Nc3 g6 8.
h3 Bg7 9. O-O O-O 10. Bg5 Nc6 11. Nxc6 bxc6 12. e5 Nd5 13. Nxd5 cxd5 14. Qxd5
Bxe5 15. c3 e6 16. Qf3 Qb5 17. b4 Bxc3 18. Bh6 Rfc8 19. Rac1 Qxb4 20. Rxc3 Qxc3
21. Qxc3 Rxc3 22. Be3 Rc2 23. Rd1 d5 24. a4 Ra2 25. Rd4 Rb8 26. Bf4 Rb1+ 27. Kh2
Rxf2 28. Bc7 Rbb2 29. Rg4 f5 30. Rg3 f4 31. Rf3 Rxf3 0-1

[Event "Let's Play Chess!"]
[Site "http://www.queenalice.com/game.php?id=578192"]
[Date "2009.4.26"]
[Round "-"]
[White "Mehe"]
[Black "sasquatico"]
[Result "1-0"]
[WhiteElo "2324"]
[BlackElo "1725"]

1. e4 e5 2. Nf3 Nc6 3. Bc4 h6 4. d4 exd4 5. c3 dxc3 6. Nxc3 Bb4 7. O-O Bxc3 8.
bxc3 d6 9. Ba3 Bg4 10. e5 Bxf3 11. Qxf3 Nxe5 12. Rfe1 Ne7 13. Rxe5 dxe5 14.
Bxf7+ Kd7 15. Qg4+ Kc6 16. Qc4+ Kb6 17. Rb1+ Ka5 18. Qb5# 1-0

[Event "Let's Play Chess!"]
[Site "http://www.queenalice.com/game.php?id=579973"]
[Date "2009.4.29"]
[Round "-"]
[White "Mehe"]
[Black "Mr_S"]
[Result "1-0"]
[WhiteElo "2339"]
[BlackElo "2205"]

1. d4 Nf6 2. c4 g6 3. Nc3 Bg7 4. e4 d6 5. f3 O-O 6. Be3 e5 7. d5 c6 8. Bd3 cxd5
9. cxd5 Nh5 10. Nge2 f5 11. exf5 gxf5 12. O-O Nd7 13. Rc1 Nc5 14. Bc4 a6 15. a4
Qh4 16. b3 b6 17. Qd2 Bf6 18. g3 Qh3 19. b4 Nd7 20. Bf2 Kh8 21. Kh1 Ng7 22. a5
b5 23. Bd3 Qh5 24. Ng1 Bg5 25. f4 Bh6 26. Be2 Qg6 27. Nf3 Nh5 28. Be3 Bg7 29.
Nh4 Qe8 30. fxe5 Nxe5 31. Qd1 Ng4 32. Bd4 Be5 33. Bxe5+ dxe5 34. Nxf5 Rxf5 35.
Rxf5 Bxf5 36. Bxg4 Bg6 37. d6 Rd8 38. d7 Qf7 39. Nxb5 Be4+ 40. Kg1 Qa2 41. Qf1
Qd2 42. Rc8 Qe3+ 43. Qf2 Qg5 44. Rxd8+ Qxd8 45. Nd6 Bg6 46. Nb7 1-0

[Event "Let's Play Chess!"]
[Site "http://www.queenalice.com/game.php?id=579977"]
[Date "2009.4.29"]
[Round "-"]
[White "Mehe"]
[Black "cessna82783"]
[Result "1-0"]
[WhiteElo "2326"]
[BlackElo "1940"]

1. e4 e5 2. Nf3 Nc6 3. Bb5 a6 4. Ba4 Nf6 5. O-O Bc5 6. c3 O-O 7. d4 exd4 8. cxd4
Bb6 9. d5 Na5 10. b4 Nc4 11. Qd3 Ng4 12. Qxc4 Bxf2+ 13. Rxf2 Nxf2 14. Kxf2 b5
15. Bxb5 axb5 16. Qxb5 Qf6 17. e5 Qf5 18. Qc4 c6 19. d6 Ba6 20. Qf4 Qd3 21. Nbd2
Qe2+ 22. Kg3 Rae8 23. Qe4 Qd1 24. Bb2 Qe2 25. a4 Re6 26. Qxe2 Bxe2 27. Ne4 Rg6+
28. Kf2 Ba6 29. Nc5 Bc8 30. a5 Rg4 31. Bd4 f6 32. e6 dxe6 33. d7 Rd8 34. dxc8=Q
Rxc8 35. Nxe6 Kf7 36. h3 Re4 37. Neg5+ fxg5 38. Nxg5+ 1-0

[Event "Challenge"]
[Site "http://www.queenalice.com/game.php?id=581507"]
[Date "2009.5.2"]
[Round "-"]
[White "Marivaldo"]
[Black "Mehe"]
[Result "0-1"]
[WhiteElo "1814"]
[BlackElo "2328"]

1. d4 Nf6 2. Bf4 g6 3. Nc3 Bg7 4. e3 O-O 5. Bc4 d6 6. Bd3 Nbd7 7. f3 c5 8. Bc4
Nb6 9. Bd3 Nfd5 10. Nxd5 Nxd5 11. Bc4 Nxf4 12. exf4 d5 13. Bd3 Bxd4 14. c3 Be3
15. g3 c4 16. Bc2 Qb6 17. Ke2 d4 18. Rb1 d3+ 19. Bxd3 Rd8 0-1

[Event "Challenge"]
[Site "http://www.queenalice.com/game.php?id=581509"]
[Date "2009.5.2"]
[Round "-"]
[White "Mehe"]
[Black "Marivaldo"]
[Result "1-0"]
[WhiteElo "2327"]
[BlackElo "1816"]

1. e4 a6 2. Nf3 e5 3. Nxe5 Qe7 4. d4 d6 5. Nf3 Qxe4+ 6. Be2 Bf5 7. c4 Qc2 8. O-O
Qxd1 9. Bxd1 Be7 10. Nc3 Nf6 11. Re1 h6 12. h3 c6 13. Bf4 d5 14. Bb3 Nh5 15. Bd6
Be6 16. cxd5 Bxd6 17. dxe6 f6 18. Nh4 Nf4 19. Nf5 1-0

[Event "Let's Play Chess!"]
[Site "http://www.queenalice.com/game.php?id=585521"]
[Date "2009.5.9"]
[Round "-"]
[White "Mehe"]
[Black "Franz2"]
[Result "1-0"]
[WhiteElo "2329"]
[BlackElo "2185"]

1. d4 Nc6 2. Nf3 d5 3. e3 Nf6 4. c4 e6 5. Nc3 Be7 6. Bd3 O-O 7. b3 dxc4 8. bxc4
a6 9. O-O b6 10. a3 Bb7 11. Bb2 Na5 12. e4 c5 13. d5 exd5 14. Nxd5 Nxd5 15. cxd5
b5 16. Qd2 c4 17. Bc2 Bc5 18. Nd4 Re8 19. Bc3 Nb3 20. Bxb3 Rxe4 21. Bd1 Bxd4 22.
Bxd4 Qxd5 23. Bf3 Rxd4 24. Bxd5 Rxd2 25. Bxb7 Ra7 26. Rfd1 Rxd1+ 27. Rxd1 Kf8
28. Be4 a5 29. Kf1 b4 30. Rd8+ Ke7 31. Rc8 c3 32. Rc4 Rd7 33. axb4 axb4 34. Rxb4
Rc7 35. Bc2 g6 36. Rb3 f5 37. Ke2 Kf6 38. Kd3 Re7 39. Rxc3 Re6 40. Kd2 g5 41.
Rc5 Re5 42. Rxe5 Kxe5 43. g4 1-0

[Event "Let's Play Chess!"]
[Site "http://www.queenalice.com/game.php?id=585522"]
[Date "2009.5.9"]
[Round "-"]
[White "Mehe"]
[Black "jcmlima"]
[Result "1-0"]
[WhiteElo "2337"]
[BlackElo "1748"]

1. e4 e5 2. Nf3 d6 3. Bc4 Qd7 4. O-O b5 5. Bb3 Nf6 6. Ng5 h6 7. Bxf7+ Ke7 8. Be6
Qe8 9. Bxc8 Qxc8 10. Nf3 Nxe4 11. d4 Nd7 12. Qd3 Qb7 13. Re1 Ng5 14. Nxg5 hxg5
15. Bxg5+ Nf6 16. dxe5 dxe5 17. Rxe5+ Kf7 18. Bxf6 gxf6 19. Qd7+ Kg8 20. Rxb5
Qc8 21. Qxc8 Rxc8 22. Nc3 Rd8 23. Rd1 Re8 24. Rb7 Bd6 25. g3 a5 26. Nd5 Be5 27.
f4 Bxb2 28. Rxb2 Re2 29. Nxf6+ Kf7 30. Ng4 a4 31. Rd7+ Kg6 32. Rb5 Rxc2 33. Rg5#
1-0

[Event "Challenge"]
[Site "http://www.queenalice.com/game.php?id=587693"]
[Date "2009.5.13"]
[Round "-"]
[White "brunofernandes"]
[Black "Mehe"]
[Result "0-1"]
[WhiteElo "1919"]
[BlackElo "2338"]

1. e4 c5 2. Nf3 a6 3. Nc3 b5 4. d4 cxd4 5. Nxd4 Bb7 6. Bg5 Qc7 7. Qd2 e6 8. Bd3
h6 9. Bf4 d6 10. Bg3 Nf6 11. f3 Nbd7 12. O-O Be7 13. a4 b4 14. Nd1 Rb8 15. c3
bxc3 16. Nxc3 O-O 17. Rfc1 Qa5 18. Rc2 Qb4 19. Be2 Rfd8 20. a5 Nc5 21. Qd1 e5
22. Nf5 Bf8 23. Bh4 g5 24. Bf2 Bc6 25. Qd2 Nb3 26. Qd1 Nxa1 27. Qxa1 d5 28. exd5
Nxd5 29. Ne4 Bd7 30. Ne3 Nxe3 31. Bxe3 Ba4 32. Rc4 Qxb2 33. Rxa4 Qxe2 0-1

[Event "Let's Play Chess!"]
[Site "http://www.queenalice.com/game.php?id=589559"]
[Date "2009.5.17"]
[Round "-"]
[White "Mehe"]
[Black "Franz2"]
[Result "1/2-1/2"]
[WhiteElo "2348"]
[BlackElo "2191"]

1. e4 e5 2. Nf3 Nf6 3. d4 Nxe4 4. Bd3 d5 5. Nxe5 Nd7 6. Nxd7 Bxd7 7. O-O Qh4 8.
c4 Be7 9. cxd5 Nf6 10. Qe2 Qxd4 11. Nc3 Nxd5 12. Be4 Nxc3 13. bxc3 Qf6 14. Bxb7
Rb8 15. Rb1 O-O 16. Be3 Qg6 17. Qa6 Bd6 18. g3 Bh3 19. Rfe1 Bc8 20. Qxa7 Bxb7
21. Rxb7 Ra8 22. Qd4 Rxa2 23. Bf4 Ra6 24. Bxd6 Qxd6 25. Qxd6 cxd6 26. Rc7 g5 27.
Kg2 h6 28. Kf3 1/2-1/2

[Event "Let's Play Chess!"]
[Site "http://www.queenalice.com/game.php?id=591102"]
[Date "2009.5.20"]
[Round "-"]
[White "Mehe"]
[Black "CampbellMarcel"]
[Result "1-0"]
[WhiteElo "2347"]
[BlackElo "1807"]

1. d4 Nf6 2. Nf3 d6 3. c4 e6 4. Nc3 c6 5. e4 c5 6. dxc5 dxc5 7. Qxd8+ Kxd8 8.
Bf4 Nbd7 9. Rd1 h6 10. h4 g6 11. Bd3 Be7 12. Bc2 Ke8 13. Ba4 a6 14. Ne5 b5 15.
cxb5 axb5 16. Bxb5 Ra7 17. Nc6 Rb7 18. Nxe7 Kxe7 19. Bd6+ Kd8 20. f3 Rg8 21.
Bxc5 g5 22. g4 gxh4 23. Rxh4 Rg6 24. a4 Kc7 25. Bd6+ Kb6 26. b4 h5 27. a5+ Ka7
28. gxh5 Rg1+ 29. Kd2 Rxd1+ 30. Kxd1 Ne8 31. Bg3 Nc7 32. Bxd7 Bxd7 33. h6 Nb5
34. Nxb5+ Bxb5 35. h7 Rd7+ 36. Kc1 Be2 37. h8=Q Rd1+ 38. Kc2 1-0

[Event "Let's Play Chess!"]
[Site "http://www.queenalice.com/game.php?id=593472"]
[Date "2009.5.25"]
[Round "-"]
[White "Mehe"]
[Black "ads"]
[Result "0-1"]
[WhiteElo "2343"]
[BlackElo "2035"]

1. e4 c5 2. Nf3 d6 3. d4 cxd4 4. Nxd4 Nf6 5. Nc3 a6 6. Bc4 e6 7. Bb3 b5 8. O-O
Be7 9. Qf3 Qb6 10. Be3 Qb7 11. Qg3 b4 12. Na4 Nbd7 13. f3 O-O 14. Rfd1 Ne5 15.
Nb6 Nh5 16. Qh3 Qxb6 17. Nf5 Qxe3+ 18. Nxe3 Nf4 0-1

[Event "Let's Play Chess!"]
[Site "http://www.queenalice.com/game.php?id=595780"]
[Date "2009.5.30"]
[Round "-"]
[White "Mehe"]
[Black "michas"]
[Result "1-0"]
[WhiteElo "2344"]
[BlackElo "1685"]

1. d4 g6 2. c4 Bg7 3. Nc3 Nf6 4. e4 d6 5. Be2 O-O 6. Nf3 Nc6 7. O-O e6 8. Be3
Ng4 9. Bg5 f6 10. Bd2 Nh6 11. Qc1 Nf7 12. Be3 Bd7 13. Qd2 h6 14. Rab1 b6 15. b4
Qc8 16. Rfc1 Qb7 17. c5 a6 18. d5 Ne7 19. c6 Nxc6 20. dxc6 Bxc6 21. Nd4 Bd7 22.
f4 b5 23. f5 exf5 24. exf5 g5 25. Ne6 Bxe6 26. fxe6 Ne5 27. e7 Rfe8 28. Qd5+
Qxd5 29. Nxd5 Ra7 30. Bxa7 c5 31. bxc5 dxc5 32. Bxc5 Nd7 33. Bh5 Ne5 34. Bxe8
Nd3 35. Bg6 Nxc1 36. e8=Q+ Bf8 37. Qxf8# 1-0

[Event "Let's Play Chess!"]
[Site "http://www.queenalice.com/game.php?id=595782"]
[Date "2009.5.30"]
[Round "-"]
[White "Mehe"]
[Black "Heike67"]
[Result "1-0"]
[WhiteElo "2343"]
[BlackElo "1940"]

1. e4 e5 2. Nf3 Nc6 3. Bc4 Bc5 4. b4 Bb6 5. a4 a5 6. b5 Nd4 7. Nxd4 exd4 8. O-O
d6 9. d3 Nf6 10. Bg5 O-O 11. f4 Qe7 12. Nd2 Re8 13. e5 dxe5 14. Bxf6 gxf6 15. f5
c6 16. Ne4 Bd7 17. Qh5 cxb5 18. Rf3 1-0

[Event "Challenge World Game #121"]
[Site "http://www.queenalice.com/game.php?id=640979"]
[Date "2009.8.23"]
[Round "-"]
[White "Aylton"]
[Black "Mehe"]
[Result "0-1"]
[WhiteElo "1994"]
[BlackElo "2348"]

1. c4 e5 2. Nc3 c5 3. Nf3 Nc6 4. d3 g6 5. e3 Bg7 6. Bd2 Nge7 7. Be2 O-O 8. a3 d5
9. cxd5 Nxd5 10. Qc2 Be6 11. O-O h6 12. h3 Rc8 13. Rfc1 Qd7 14. Nxd5 Bxd5 15.
Qxc5 Nd4 16. exd4 Rxc5 17. dxc5 f5 18. Bb4 Qc6 19. Rab1 e4 20. Ne1 Ba2 21. dxe4
Bxb1 22. Rxb1 fxe4 23. Bc4+ Kh7 24. b3 Bd4 25. Rc1 Rxf2 26. Kh1 Qf6 27. a4 Rf1+
28. Bxf1 Qxf1+ 29. Kh2 Qg1+ 30. Kg3 Qf2+ 31. Kh2 Be5+ 0-1

[Event "Challenge World Game #122"]
[Site "http://www.queenalice.com/game.php?id=640980"]
[Date "2009.8.23"]
[Round "-"]
[White "Mehe"]
[Black "Aylton"]
[Result "1-0"]
[WhiteElo "2345"]
[BlackElo "2012"]

1. d4 Nf6 2. c4 e6 3. Nc3 d5 4. Bg5 Nbd7 5. cxd5 exd5 6. Nf3 c6 7. e3 Bb4 8. Bd3
Qa5 9. Qc2 h6 10. Bh4 Bxc3+ 11. bxc3 O-O 12. O-O c5 13. Rab1 c4 14. Bf5 g5 15.
Bg3 Kg7 16. h4 g4 17. Ne5 h5 18. f3 Qd8 19. fxg4 hxg4 20. Bxd7 Bxd7 21. Rxb7 Be6
22. Qg6+ 1-0

[Event "Let's Play Chess!"]
[Site "http://www.queenalice.com/game.php?id=661124"]
[Date "2009.10.1"]
[Round "-"]
[White "Mehe"]
[Black "Incognita"]
[Result "1-0"]
[WhiteElo "2339"]
[BlackElo "1798"]

1. d4 d5 2. Nf3 g6 3. c4 c6 4. Nc3 Bg7 5. e3 Nf6 6. Bd3 Bg4 7. h3 Bxf3 8. Qxf3
Nbd7 9. O-O O-O 10. cxd5 cxd5 11. Nxd5 Nxd5 12. Qxd5 Qc7 13. Bd2 Rad8 14. Qb3 e5
15. Rac1 Qb8 16. d5 b6 17. Bb4 Rfe8 18. Bb5 a5 19. Ba3 Bf8 20. Rfd1 Bxa3 21.
Qxa3 Rf8 22. Qe7 Nc5 23. d6 1-0

[Event "Let's Play Chess!"]
[Site "http://www.queenalice.com/game.php?id=661125"]
[Date "2009.10.1"]
[Round "-"]
[White "Mehe"]
[Black "Frpo055"]
[Result "1-0"]
[WhiteElo "2333"]
[BlackElo "1743"]

1. d4 Nf6 2. Nf3 d6 3. c4 g6 4. Nc3 Bg7 5. e4 O-O 6. Bd3 Nbd7 7. O-O e5 8. d5
Nc5 9. b4 Nxd3 10. Qxd3 Ne8 11. Bg5 Qd7 12. c5 f5 13. exf5 e4 14. Nxe4 Bxa1 15.
Rxa1 Qxf5 16. Qd4 Qg4 17. h3 Qh5 18. Ng3 Qxf3 19. gxf3 Rxf3 20. Qe4 Rf8 21. Bh6
Nf6 22. Qe7 Rf7 23. Qd8+ 1-0

[Event "Challenge World Game #171"]
[Site "http://www.queenalice.com/game.php?id=666883"]
[Date "2009.10.14"]
[Round "-"]
[White "Aylton"]
[Black "Mehe"]
[Result "0-1"]
[WhiteElo "2088"]
[BlackElo "2334"]

1. c4 Nf6 2. Nc3 d5 3. e3 e5 4. a3 c5 5. cxd5 Nxd5 6. Nge2 Be7 7. Nxd5 Qxd5 8.
Nc3 Qd8 9. Bb5+ Bd7 10. Bxd7+ Qxd7 11. O-O Nc6 12. h3 O-O 13. f4 exf4 14. Rxf4
Rad8 15. Qg4 f5 16. Qe2 Bd6 17. Rf1 Bb8 18. Qc4+ Kh8 19. Qxc5 Qd3 20. b4 Bh2+
21. Kxh2 Qxf1 22. Bb2 Qd3 23. Bc1 f4 24. exf4 Rxf4 25. Qe3 Rf1 26. Qxd3 Rxd3 27.
Rb1 h5 28. b5 Nd4 29. a4 h4 30. a5 Rg3 31. Ne4 Ne2 0-1

[Event "Challenge"]
[Site "http://www.queenalice.com/game.php?id=684530"]
[Date "2009.11.17"]
[Round "-"]
[White "heliosafo"]
[Black "Mehe"]
[Result "0-1"]
[WhiteElo "1100"]
[BlackElo "2340"]

1. d4 Nf6 2. Bg5 Ne4 3. h4 Nxg5 4. hxg5 c6 5. c3 d5 6. e3 e5 7. dxe5 Qxg5 8. Nf3
Qd8 9. Nbd2 Nd7 10. Bd3 Qc7 0-1